000 00750nam a2200241 i 4500
001 92535
003 ES-MaACL
005 20250831063035.0
007 t|
008 050310s1957 sp ||||1| spa d
080 _a1
100 1 _aLippert, Peter.
_972500
245 1 0 _aDe lo finito a lo infinito /
_cPeter Lippert; traducción por Constantino Ruiz Garrido.
260 _aMadrid :
_bFax,
_c[1957]
300 _a213 p. ;
_c20 cm.
490 1 _aBiblioteca de filosofía y pedagogía (Fax)
_9183687
650 7 _aFilosofía
_2embne
_912802
700 1 _aRuiz-Garrido, Constantino.
_9100816
830 0 _aBiblioteca de filosofía y pedagogía (Fax)
_9183687
852 4 _aES-MaACL
_jC-12513
942 _2udc
999 _c92535
_d92535